Capitals in Sid Meier's Civilization VI - Statistics

General Stats
  • This quiz has been taken 70 times
  • The average score is 36 of 60
Answers on the Map
Answers color-coded by a green-red scale on the quiz's map according to % correct below.
 
Answer Stats
Answer % Correct
Ottawa
97%
Madrid
95%
Paris
95%
Washington
95%
Athens
93%
Lisbon
93%
London
93%
Rome
93%
Tokyo
93%
Constantinople
92%
Amsterdam
90%
Beijing
90%
St. Petersburg
90%
Rio de Janeiro
88%
Stockholm
88%
Addis Ababa
86%
Cairo
86%
Delhi
86%
Bogota
85%
Canberra
83%
Kyoto
83%
Buda
81%
Râ-Kedet
81%
Seoul
81%
Sparta
81%
Tenochtitlan
78%
Kraków
76%
Tbilisi
76%
Munich
71%
Thăng Long
71%
Aachen
69%
Xi'an
69%
Babylon
64%
Tyre
58%
Nidaros
56%
Qusqu
54%
Stirling
49%
Pella
47%
Thebes
44%
Uruk
44%
Qaraqorum
37%
Majapahit
36%
Angkor Thom
32%
Meroe
31%
Ulundi
31%
M'banza-Kongo
29%
Patna
29%
Pasargadae
25%
Pokrovka
25%
Te Hokianga-nui-a-kupe
25%
Niani
24%
Xanadu
22%
Mashhad
20%
Gyeongju
19%
Shendu
19%
Wak Kab'nal
17%
Ngulu Mapu
14%
Aduatuca
12%
Mikisiw-Wacîhk
10%
Kabasa
8%
No matching quizzes found
Score Distribution
Percent of People with Each Score
Percentile by Number Answered
Your Score History
You have not taken this quiz